<?xml version="1.0" encoding="UTF-8"?>
<record
    xmlns:xsi="http://www.w3.org/2001/XMLSchema-instance"
    xsi:schemaLocation="http://www.loc.gov/MARC21/slim http://www.loc.gov/standards/marcxml/schema/MARC21slim.xsd"
    xmlns="http://www.loc.gov/MARC21/slim">

  <leader>01199nam0a2200277   4500</leader>
  <controlfield tag="001">RU\NLR\bibl\880114</controlfield>
  <controlfield tag="005">20260407083125.0</controlfield>
  <datafield tag="021" ind1=" " ind2=" ">
    <subfield code="a">RU</subfield>
    <subfield code="b">2005-66781</subfield>
    <subfield code="9">3289</subfield>
  </datafield>
  <datafield tag="035" ind1=" " ind2=" ">
    <subfield code="a">(NLR Aleph) 000868687</subfield>
  </datafield>
  <datafield tag="090" ind1=" " ind2=" ">
    <subfield code="a">1585688</subfield>
    <subfield code="c">1585688</subfield>
  </datafield>
  <datafield tag="100" ind1=" " ind2=" ">
    <subfield code="a">20051128d2005    |||y0rusy50      ca</subfield>
  </datafield>
  <datafield tag="101" ind1="0" ind2=" ">
    <subfield code="a">rus</subfield>
  </datafield>
  <datafield tag="102" ind1=" " ind2=" ">
    <subfield code="a">RU</subfield>
  </datafield>
  <datafield tag="105" ind1=" " ind2=" ">
    <subfield code="a">a   |||||||||</subfield>
  </datafield>
  <datafield tag="200" ind1="1" ind2=" ">
    <subfield code="a">&#x41A;&#x430;&#x431;&#x435;&#x43B;&#x438; &#x441;&#x438;&#x43B;&#x43E;&#x432;&#x44B;&#x435; &#x441; &#x438;&#x437;&#x43E;&#x43B;&#x44F;&#x446;&#x438;&#x435;&#x439; &#x438;&#x437; &#x441;&#x448;&#x438;&#x442;&#x43E;&#x433;&#x43E; &#x43F;&#x43E;&#x43B;&#x438;&#x44D;&#x442;&#x438;&#x43B;&#x435;&#x43D;&#x430; &#x43D;&#x430; &#x43D;&#x430;&#x43F;&#x440;&#x44F;&#x436;&#x435;&#x43D;&#x438;&#x435; 1, 10, 20, 35 &#x41A;&#x412;</subfield>
    <subfield code="e">[&#x43A;&#x430;&#x442;&#x430;&#x43B;&#x43E;&#x433;]</subfield>
    <subfield code="f">&#x41E;&#x410;&#x41E; "&#x42D;&#x43B;&#x435;&#x43A;&#x442;&#x440;&#x43E;&#x43A;&#x430;&#x431;&#x435;&#x43B;&#x44C;" &#x41A;&#x43E;&#x43B;&#x44C;&#x447;&#x443;&#x433;&#x438;&#x43D;&#x441;&#x43A;&#x438;&#x439; &#x437;&#x430;&#x432;&#x43E;&#x434;"</subfield>
  </datafield>
  <datafield tag="205" ind1=" " ind2=" ">
    <subfield code="a">&#x418;&#x437;&#x434;. 1-&#x435;</subfield>
    <subfield code="b">[&#x440;&#x435;&#x434;. 2005 &#x433;.]</subfield>
  </datafield>
  <datafield tag="210" ind1=" " ind2=" ">
    <subfield code="a">&#x412;&#x43B;&#x430;&#x434;&#x438;&#x43C;&#x438;&#x440;</subfield>
    <subfield code="c">&#x410;&#x440;&#x43A;&#x430;&#x438;&#x43C;</subfield>
    <subfield code="d">2005</subfield>
  </datafield>
  <datafield tag="215" ind1=" " ind2=" ">
    <subfield code="a">40 &#x441;.</subfield>
    <subfield code="c">&#x446;&#x432;. &#x438;&#x43B;.</subfield>
    <subfield code="d">30</subfield>
  </datafield>
  <datafield tag="606" ind1="1" ind2=" ">
    <subfield code="a">&#x421;&#x438;&#x43B;&#x43E;&#x432;&#x44B;&#x435; &#x43A;&#x430;&#x431;&#x435;&#x43B;&#x438; &#x441; &#x43F;&#x43E;&#x43B;&#x438;&#x44D;&#x442;&#x438;&#x43B;&#x435;&#x43D;&#x43E;&#x432;&#x43E;&#x439; &#x438;&#x437;&#x43E;&#x43B;&#x44F;&#x446;&#x438;&#x435;&#x439;</subfield>
    <subfield code="j">&#x41A;&#x430;&#x442;&#x430;&#x43B;&#x43E;&#x433;&#x438;</subfield>
    <subfield code="9">2410490</subfield>
    <subfield code="3">RU\NLR\auth\661436249</subfield>
  </datafield>
  <datafield tag="686" ind1=" " ind2=" ">
    <subfield code="a">&#x417;232.323&#x44F;87</subfield>
  </datafield>
  <datafield tag="711" ind1="0" ind2="2">
    <subfield code="a">"&#x42D;&#x43B;&#x435;&#x43A;&#x442;&#x440;&#x43E;&#x43A;&#x430;&#x431;&#x435;&#x43B;&#x44C;" &#x41A;&#x43E;&#x43B;&#x44C;&#x447;&#x443;&#x433;&#x438;&#x43D;&#x441;&#x43A;&#x438;&#x439; &#x437;&#x430;&#x432;&#x43E;&#x434;", &#x43E;&#x442;&#x43A;&#x440;&#x44B;&#x442;&#x43E;&#x435; &#x430;&#x43A;&#x446;&#x438;&#x43E;&#x43D;&#x435;&#x440;&#x43D;&#x43E;&#x435; &#x43E;&#x431;&#x449;&#x435;&#x441;&#x442;&#x432;&#x43E;</subfield>
    <subfield code="3">RU\NLR\AUTH\8810043971</subfield>
    <subfield code="9">587400</subfield>
  </datafield>
  <datafield tag="801" ind1=" " ind2="0">
    <subfield code="a">RU</subfield>
    <subfield code="b">NLR</subfield>
    <subfield code="c">20051128</subfield>
    <subfield code="g">rcr</subfield>
  </datafield>
  <datafield tag="801" ind1=" " ind2="1">
    <subfield code="a">RU</subfield>
    <subfield code="b">NLR</subfield>
    <subfield code="c">20051128</subfield>
  </datafield>
  <datafield tag="942" ind1=" " ind2=" ">
    <subfield code="c">BOOK</subfield>
  </datafield>
  <datafield tag="980" ind1=" " ind2=" ">
    <subfield code="a">NB</subfield>
  </datafield>
  <datafield tag="995" ind1=" " ind2=" ">
    <subfield code="5">2005-11-28</subfield>
    <subfield code="a">ad</subfield>
    <subfield code="b">NLR01</subfield>
    <subfield code="c">NLR01</subfield>
    <subfield code="e">NTD</subfield>
    <subfield code="f">1-706272</subfield>
    <subfield code="k">&#x41F;&#x442; 2005-2/119</subfield>
    <subfield code="o">0</subfield>
    <subfield code="r">BOOK</subfield>
    <subfield code="s">_20052119</subfield>
  </datafield>
  <datafield tag="995" ind1=" " ind2=" ">
    <subfield code="5">2005-11-28</subfield>
    <subfield code="a">ad</subfield>
    <subfield code="b">NLR01</subfield>
    <subfield code="c">NLR01</subfield>
    <subfield code="e">NTD04</subfield>
    <subfield code="f">1-706273</subfield>
    <subfield code="k">&#x41F;&#x442; 2005-2/119</subfield>
    <subfield code="o">0</subfield>
    <subfield code="r">BOOK</subfield>
    <subfield code="s">_20052119</subfield>
  </datafield>
</record>
